|
|
|
|
| LEADER |
00000nam2a2200000 4500 |
| 001 |
263902 |
| 005 |
20231031222626.0 |
| 020 |
|
|
|a RU
|b 81-63043ж
|
| 035 |
|
|
|a (RuTPU)RU\TPU\book\286893
|
| 035 |
|
|
|a RU\TPU\book\149931
|
| 090 |
|
|
|a 263902
|
| 100 |
|
|
|a 20140614c1987 k a0rusy5003 ca
|
| 101 |
0 |
|
|a rus
|
| 102 |
|
|
|a BY
|
| 105 |
|
|
|a y z 001zy
|
| 200 |
0 |
|
|a Вып. 15
|f под ред. С. Е. Янченко
|
| 210 |
|
|
|d 1987
|
| 215 |
|
|
|a 158 с.
|
| 333 |
|
|
|a Исключено из фонда НТБ ТПУ
|
| 461 |
|
1 |
|0 (RuTPU)RU\TPU\book\163669
|t Политическая экономия
|o межведомственный сборник
|f Белорусский государственный университет (БГУ)
|v Вып. 15
|d 1974-
|
| 702 |
|
1 |
|a Янченко
|b С. Е.
|4 340
|
| 801 |
|
0 |
|a RU
|b 63413507
|c 19950704
|g psbo
|
| 801 |
|
1 |
|a RU
|b 63413507
|c 20080523
|g PSBO
|
| 801 |
|
2 |
|a RU
|b 63413507
|c 20220314
|g PSBO
|
| 942 |
|
|
|c BK
|